000
00256nam a22001097a 4500
008
180803b xxu||||| |||| 00| 0 eng d
245
_a
Clinical Nursing Skills
_c
Taylor,C
260
_c
2007
300
_a
17
_f
CD
440
_x
9780781768139
942
_2
ddc
_c
MX
999
_c
46770
_d
46770